01624nam a2200409 i 4500001000700000003000800007005001700015006001900032007001500051008004100066035002300107035002400130035002500154035002100179040003100200050002000231080000800251082001200259100003600271245021400307264009900521300004100620336003100661337003300692338004300725500002300768504004300791588012300834650001600957650003400973650001501007650001901022655002701041700004301068700004101111856006201152146615FlNmELB20241217182149.0m o d | cr cnu||||||||160509s2012 sp ob 001 0 spa d a(MiAaPQ)EBC4499351 a(Au-PeEL)EBL4499351 a(CaPaEBR)ebr11201600 a(OCoLC)984814055 aFINmELBbspaerdacFINmELB 4aHD31bG491 2012 a6580 a6582231 aGimeno Navarro, Miguel Ángel.13aEl modelo emergente de la organización saludable :bfactores para su construcción y desarrollo evolutivo /cMiguel Ángel Gimeno Navarro ; dirigida por: Antonio Grandío Botella, Daniel Pinazo Calatayud. 1aCastelló de la Plana :bUniversitat Jaume I. Servei de Comunicació i Publicacions,c[2012] a1 recurso en línea (350 páginas) atextobtxt2rdacontent/spa acomputadorabc2rdamedia/spa arecurso en líneabcr2rdacarrier/spa aContiene índice. aContiene referencias bibliográficas. aDescripción basada en recurso en línea; Título de la página del título en PDF (e-libro, visto May 09, 2016). 0aManagement. 4aAdministración de empresas. 0aMarketing. 4aMercadotecnia. 4aLibros electrónicos.1 aGrandío Botella, Antonio,edirector.1 aPinazo Calatayud, Daniel,edirector.40uhttps://elibro.net/ereader/politecnicointernacional/86389